00462nam a2200157 a 450000100100000000500170001000800410002704000250006808200160009310000230010924500580013226000340019030000200022449000300024483000300027400002931120200930055452.0110414s1974 dr 000 0 spa d aDO-SdBNPbspacBNPHU axxxxbK193i1 aKasse Acta, Rafael13aLa investigación científica, la UASD y el pueblo. aSanto Domingo :bUASD,c1974. a13 p. ;c21 cm.1 aConferenciavno. 20,v173 0aConferencianno. 20,v173